Statistiques concernant Pays ayant la plus grande superficie - Quiz

Cliquez ici pour prendre le quiz!

Statistiques générales

  • Ce quiz a été pris 69 647 fois
  • Le résultat moyen est 16 sur 20

Statistiques - réponses

SuperficiePays% Correct
17 098 242Russie
100%
9 984 670Canada
99%
9 826 675Etats-Unis
99%
9 596 961Chine
99%
8 514 877Brésil
98%
7 741 220Australie
96%
3 287 263Inde
94%
2 780 400Argentine
89%
1 564 116Mongolie
83%
2 381 741Algérie
83%
1 964 375Mexique
82%
2 344 858République démocratique
du Congo
73%
2 149 690Arabie Saoudite
72%
2 724 900Kazakhstan
71%
1 648 195Iran
66%
1 904 569Indonésie
64%
1 861 484Soudan
59%
1 759 540Libye
52%
1 285 216Pérou
44%
1 284 000Tchad
44%

Distribution des résultats

Percentile par nombre de réponses

% des personnes avec chaque résultat

Votre développement - résultats

Vous n’avez pas pris ce quiz